000 00456nam a2200181Ia 4500
008 090124s9999 xx 000 0 und d
082 _b123285
100 _aराऊत शोभा
245 _a अतुटबंध
250 _a1
260 _c1989
300 _a230
600 _aराऊत शोभा
630 _a अतुटबंध
700 _aराऊत शोभा
730 _a अतुटबंध
942 _cBOOK
999 _c169371
_d169371